000 01783nam a2200277 a 4500
001 80194
003 BD-RjUL
005 20230131134442.0
008 220811s2001 bg a|||| m||| 00| 0 ben d
035 _a(BD-RjUL)80194
040 _aBD-RjUL
_bben / eng
_cBD-RjUL
_dBD-RjUL
041 _aben
082 _a954.92
_bKAJ 2001
_223
100 _aকরিম, মো. রেজাউল
_94356
245 0 1 _aযশোর জেলায় নীল আন্দোলন, ১৮৫৯-৬২ :
_bএকটি সমীক্ষা /
_cমো. রেজাউল করিম ;
_6তত্ত্বাবধায়ক : নূরুল হোসেন চৌধুরী
260 _aরাজশাহী :
_bইতিহাস বিভাগ, রাজশাহী বিশ্ববিদ্যালয়,
_c২০০১
300 _axviii, ২৮৩ পাতা :
_bচিএ ;
_c২৯ সেমি.
502 _aথিসিস (পিএইচ. ডি.) -- ইতিহাস বিভাগ, রাজশাহী বিশ্ববিদ্যালয়, ২০০১
504 _aগ্রন্থপঞ্জি : পাতা [২৫১]-২৮৩
650 _aনীল বিদ্রোহ
_zবাংলাদেশ
_zযশোর জেলা
_y১৮৫৯-১৮৬২ খ্রিষ্টাব্দ
_96782
650 _aBlue Mutiny
_zBangladesh
_zJessore District
_y1859-1862 A. D.
_96783
651 _aবাংলাদেশ
_zযশোর জেলা
_xইতিহাস
_y১৮৫৯-১৮৬২ খ্রিষ্টাব্দ
_96784
651 _aBangladesh
_zJessore District
_xHistory
_y1859-1862 A. D.
_96785
700 _aচৌধুরী, নূরুল হোসেন, তত্ত্বাবধায়ক
_94359
942 _2ddc
_cTHE
999 _c80194
_d80194